<?xml version="1.0" encoding="UTF-8"?>
<record
    xmlns:xsi="http://www.w3.org/2001/XMLSchema-instance"
    xsi:schemaLocation="http://www.loc.gov/MARC21/slim http://www.loc.gov/standards/marcxml/schema/MARC21slim.xsd"
    xmlns="http://www.loc.gov/MARC21/slim">

  <leader>01712nam a22003017a 4500</leader>
  <controlfield tag="003">AR-RoUNCS</controlfield>
  <controlfield tag="005">20260226093720.0</controlfield>
  <controlfield tag="007">ta</controlfield>
  <controlfield tag="008">160902s2015    ag a   dr     000 f spa  </controlfield>
  <datafield tag="015" ind1=" " ind2=" ">
    <subfield code="a">AR-2015</subfield>
  </datafield>
  <datafield tag="020" ind1=" " ind2=" ">
    <subfield code="a">978-987-504-136-3</subfield>
  </datafield>
  <datafield tag="040" ind1=" " ind2=" ">
    <subfield code="a">AR-BaBN</subfield>
    <subfield code="b">spa</subfield>
    <subfield code="c">AR-RoUNCS</subfield>
    <subfield code="e">aacr</subfield>
  </datafield>
  <datafield tag="044" ind1=" " ind2=" ">
    <subfield code="a">ag</subfield>
    <subfield code="c">ar-c</subfield>
  </datafield>
  <datafield tag="080" ind1="1" ind2=" ">
    <subfield code="a">82-32(82)</subfield>
    <subfield code="2">2016</subfield>
  </datafield>
  <datafield tag="100" ind1="1" ind2=" ">
    <subfield code="a">Falconi, Mar&#xED;a In&#xE9;s,</subfield>
    <subfield code="d">1954-</subfield>
    <subfield code="e">autora</subfield>
    <subfield code="4">aut</subfield>
  </datafield>
  <datafield tag="245" ind1="1" ind2="0">
    <subfield code="a">Hoy no es mi d&#xED;a /</subfield>
    <subfield code="c">Mar&#xED;a In&#xE9;s Falconi ; ilustraci&#xF3;n de tapa Sabrina Florio.</subfield>
  </datafield>
  <datafield tag="250" ind1=" " ind2=" ">
    <subfield code="a">2a ed.</subfield>
  </datafield>
  <datafield tag="260" ind1=" " ind2=" ">
    <subfield code="a">Buenos Aires :</subfield>
    <subfield code="b">Quipu,</subfield>
    <subfield code="c">2015.</subfield>
  </datafield>
  <datafield tag="300" ind1=" " ind2=" ">
    <subfield code="a">175 p. :</subfield>
    <subfield code="b">il. ;</subfield>
    <subfield code="c">21 cm.</subfield>
  </datafield>
  <datafield tag="490" ind1="0" ind2=" ">
    <subfield code="a">Colecci&#xF3;n Zona L&#xED;mite</subfield>
  </datafield>
  <datafield tag="520" ind1="3" ind2=" ">
    <subfield code="a">&#xAB;&#xBF;Alguna vez todo te sali&#xF3; tan mal que pensaste que el destino estaba en contra tuyo? Esos d&#xED;as donde todo parece al rev&#xE9;s, y solo pens&#xE1;s en gritar: &#x201C;&#xA1;HOY NO ES MI D&#xCD;A!&#x201D;. Valen, Ana y Ezequiel, son tres adolescentes que empiezan mal el d&#xED;a en distintos lugares pero, cuyas historias se ir&#xE1;n entrelazando de una forma inimaginable. Un viaje extraordinario y fant&#xE1;stico, una amistad en peligro, la elecci&#xF3;n entre ser como todos o defender sus ideales son solo algunas de las situaciones que deber&#xE1;n enfrentar los personajes de esta novela. Mar&#xED;a In&#xE9;s Falconi, autora de la famosa saga para ni&#xF1;os y adolescentes "Ca&#xED;dos del Mapa", nos acerca otra incre&#xED;ble historia llena de emoci&#xF3;n y aventuras, rodeada de la problem&#xE1;tica social actual que viven los adolescentes.&#xBB;</subfield>
    <subfield code="c">(Descripci&#xF3;n del editor).</subfield>
  </datafield>
  <datafield tag="521" ind1="1" ind2=" ">
    <subfield code="a">Edad sugerida desde los 15 a&#xF1;os.</subfield>
  </datafield>
  <datafield tag="650" ind1=" " ind2="7">
    <subfield code="2">embne</subfield>
    <subfield code="a">Literatura argentina</subfield>
  </datafield>
  <datafield tag="655" ind1=" " ind2="7">
    <subfield code="a">Novelas cortas</subfield>
  </datafield>
  <datafield tag="655" ind1=" " ind2="7">
    <subfield code="a">Novelas juveniles</subfield>
  </datafield>
  <datafield tag="700" ind1="1" ind2=" ">
    <subfield code="a">Florio, Sabrina,</subfield>
    <subfield code="d">1983-</subfield>
    <subfield code="e">ilustradora</subfield>
    <subfield code="4">ill</subfield>
  </datafield>
  <datafield tag="942" ind1=" " ind2=" ">
    <subfield code="2">udc</subfield>
    <subfield code="c">OG</subfield>
    <subfield code="n">0</subfield>
  </datafield>
  <datafield tag="999" ind1=" " ind2=" ">
    <subfield code="c">923</subfield>
    <subfield code="d">923</subfield>
  </datafield>
  <datafield tag="952" ind1=" " ind2=" ">
    <subfield code="0">0</subfield>
    <subfield code="1">0</subfield>
    <subfield code="2">udc</subfield>
    <subfield code="4">0</subfield>
    <subfield code="7">0</subfield>
    <subfield code="8">CG</subfield>
    <subfield code="a">ESOCIALES</subfield>
    <subfield code="b">ESOCIALES</subfield>
    <subfield code="d">2026-02-26</subfield>
    <subfield code="e">Donaci&#xF3;n 2023</subfield>
    <subfield code="l">0</subfield>
    <subfield code="o">82-32(82) F184</subfield>
    <subfield code="p">000492</subfield>
    <subfield code="r">2026-02-26 09:38:16</subfield>
    <subfield code="w">2026-02-26</subfield>
    <subfield code="y">OG</subfield>
  </datafield>
</record>
